Countries That Consume the Most Milk - Statistics

General Stats
  • This quiz has been taken 134 times
  • The average score is 9 of 15
Answer Stats
Per Capita Rate Country % Correct
260.48 France
89%
256.1 Italy
86%
355.86 Sweden
84%
315.78 Switzerland
81%
295.62 Denmark
80%
320.15 Netherlands
80%
361.19 Finland
79%
261.52 Norway
79%
314.69 Greece
60%
266.19 Romania
49%
265.9 Luxembourg
47%
303 Lithuania
46%
281.17 Albania
34%
305.87 Montenegro
25%
262.61 Kazakhstan
15%
No matching quizzes found
Score Distribution
Percent of People with Each Score
Percentile by Number Answered
Your Score History
You have not taken this quiz